skbl

Dr Suryya Kumar Bhuyan Library Web-OPAC
ডঃ সূৰ্য্য
কুমাৰ ভূঞা পুথিভঁৰাল ৱেব-অ'পেক

All Research Scholars are advised to clear the annual library fees to continue using Library Resources, Remote Access, Plagiarism Test and Library Clearance.

Cotton University Book Fair 2026

Gandhi and applied sprituality (Record no. 63419)

MARC details
000 -LEADER
fixed length control field 00501nam a2200169Ia 4500
001 - CONTROL NUMBER
control field 62312
008 - FIXED-LENGTH DATA ELEMENTS--GENERAL INFORMATION
fixed length control field 080101n ii |||gr||||Z||||||465
082 ## - DEWEY DECIMAL CLASSIFICATION NUMBER
Classification number 954.035
100 ## - MAIN ENTRY--PERSONAL NAME
Personal name Rao, K. Ramkrishna,
Relator term Author.
245 #0 - TITLE STATEMENT
Title Gandhi and applied sprituality
Statement of responsibility, etc. by K. Ramkrishna Rao
Medium Textual Documents
260 ## - PUBLICATION, DISTRIBUTION, ETC.
Place of publication, distribution, etc. New Delhi
Name of publisher, distributor, etc. Indian council of philosophical research
300 ## - PHYSICAL DESCRIPTION
Extent xviii, 378p:
Dimensions 25cm.
653 ## - INDEX TERM--UNCONTROLLED
Uncontrolled term Philosophy
653 ## - INDEX TERM--UNCONTROLLED
Uncontrolled term Applied sprituality
653 ## - INDEX TERM--UNCONTROLLED
Uncontrolled term G-Philosophy
942 ## - ADDED ENTRY ELEMENTS (KOHA)
Source of classification or shelving scheme Dewey Decimal Classification
Koha item type Books
Holdings
Withdrawn status Lost status Damaged status Not for loan Collection Home library Current library Shelving location Date acquired Coded location qualifier Total checkouts Full call number Barcode Date last seen Copy number Price effective from Koha item type
          Dr. Suryya Kumar Bhuyan Library Dr. Suryya Kumar Bhuyan Library   01/01/2008 00000   954.035 Ra 18 Ga 3565/gift 27/04/2026 1 01/01/2008 Books

Designed and Maintained by Team SKBL
©1901-2026

Powered by Koha